000 00526nam a22001937a 4500
003 MPLRDC
005 20220104201650.0
008 210129b ||||| |||| 00| 0 eng d
020 _a978-986-6072-55-0
082 _a191.9 HMM
100 _a韩梅梅
245 _a有些事现在不做,一辈子都不会做了
_c
250 _a初版三刷
260 _a台湾
_b精诚资讯股份有限公司
_c2012
300 _b
520 _a上架 2017-10-01。
650 _a人生观;生死观
942 _cBK
_o191.9 HMM
999 _c67277
_d67267